Movies Quiz

Random Movies or Role Quiz

Films of Angela Lansbury Quiz Stats

 Plays Quiz not verified by Sporcle

Challenge
Share
Tweet
Embed
Score 0/49 Timer 12:00
0 Plays Today
Role Film % Correct
Mrs. PottsBeauty and the Beast
92.2%
Miss Eglantine PriceBedknobs and Broomsticks
76.5%
Mrs. IselinThe Manchurian Candidate
69.6%
Nancy OliverGaslight
66.7%
Sybil VaneThe Picture of Dorian Gray
59.8%
Great Aunt AdelaideNanny McPhee
57.8%
Dowager Empress MarieAnastasia
53.9%
EmThe Harvey Girls
46.1%
Miss Jane MarpleThe Mirror Crack'd
41.2%
Salome OtterbourneDeath on the Nile
37.3%
Princess GwendolynThe Court Jester
33.3%
Edwina BrownNational Velvet
32.4%
Queen AnneThe Three Musketeers
32.4%
Sarah Lee GatesBlue Hawaii
25.5%
Minnie LittlejohnThe Long Hot Summer
23.5%
SemadarSamson and Delilah
20.6%
Miss FroyThe Lady Vanishes
19.6%
Kay ThorndykeState of the Union
18.6%
London SpecialtyTill the Clouds Roll By
16.7%
Annabell WillartAll Fall Down
15.7%
GrannyThe Company of Wolves
14.7%
Mommy FortunaThe Last Unicorn
13.7%
Herself - HostessFantasia 2000
13.7%
Isabel BoydThe World of Henry Orient
12.7%
Mama Jean BelloHarlow
12.7%
Role Film % Correct
Countess Herthe von OrnsteinSomething for Everyone
12.7%
LeslieMutiny
11.8%
ClaudiaThe Greatest Story Ever Told
9.8%
Mabel SabreIf Winter Comes
8.8%
Doris HillmanA Life at Stake
8.8%
Mavis PruittThe Dark at the Top of the Stairs
8.8%
PhyllisDear Heart
8.8%
Mrs. EdwardsKind Lady
7.8%
Myra LeedsPlease Murder Me
7.8%
Sybil LoganIn the Cool of the Day
6.9%
RuthThe Pirates of Penzance
6.9%
Clotilde de MarelleThe Private Affairs of Bel Ami
5.9%
Audrey QuailThe Red Danube
5.9%
Mabel ClaremontThe Reluctant Debutante
5.9%
Susan BrattenTenth Avenue Angel
4.9%
GloriaMister Buddwing
3.9%
Dusty MillardThe Hoodlum Saint
2.9%
Valeska ChauvelRemains to Be Seen
2.9%
Madame ValentineThe Purple Mask
2.9%
Tally DickinsenA Lawless Street
2.9%
Marguerite LaurierFour Horsemen of the Apocalypse
2.9%
PearlSummer of the Seventeenth Doll
2%
Countess LinaA Breath of Scandal
2%
Lady BlystoneThe Amorous Adventures of Moll Flanders
2%

You're not logged in!

Compare scores with friends on all Sporcle quizzes.
OR
Log In

You Might Also Like...

Show Comments

Extras

Top Quizzes Today


Score Distribution

Your Account Isn't Verified!

In order to create a playlist on Sporcle, you need to verify the email address you used during registration. Go to your Sporcle Settings to finish the process.

Report this User

Report this user for behavior that violates our Community Guidelines.

Details: